Music Quiz

Random Music or Song Quiz

I Bet U Think These Songs Are About U Quiz Stats

Quiz Updated Jun 17, 2012

Challenge
Share
Tweet
Embed
Score 0/20 Timer 05:00
0 Plays Today
% Correct
MC Hammer
84.1%
Kelly Clarkson
81.2%
Britney Spears
60.5%
Sinead O'Connor
55.9%
P!nk
54.9%
Usher
45.6%
T-Pain
41.6%
Prince
27.5%
Destiny's Child
25.9%
Alanis Morissette
17.8%
% Correct
Cassie
14.6%
Vampire Weekend
12.7%
2Pac
11.3%
Devo
6.5%
LL Cool J
5.1%
Jets
4.6%
Ben Folds
3.4%
Dizzee Rascal
2.6%
Mates Of State
1.8%
Sunscreem
1.6%

You're not logged in!

Compare scores with friends on all Sporcle quizzes.
Join for Free
OR
Log In

You Might Also Like...

Show Comments

Extras

Top Quizzes Today


Score Distribution

Your Account Isn't Verified!

In order to create a playlist on Sporcle, you need to verify the email address you used during registration. Go to your Sporcle Settings to finish the process.

Report this User

Report this user for behavior that violates our Community Guidelines.

Details: